[Event "Thessaloniki ol (Women)"]
[Site "Thessaloniki"]
[Date "1984.??.??"]
[Round "11"]
[White "Borisova, Borislava"]
[Black "Cazon, M."]
[Result "1-0"]
[WhiteElo "1925"]
[BlackElo "1915"]

1.Nf3 d5 2.g3 c5 3.Bg2 e6 4.O-O Nc6 5.d4 Nf6 6.c4 Be7 7.cxd5 Nxd5 8.Nc3 Nxc3
9.bxc3 O-O 10.Qd3 Bf6 11.Ba3 Qa5 12.Bxc5 Rd8 13.Qc4 b6 14.Bb4 Nxb4 15.cxb4 Qa4
16.Qb3 Qxb3 17.axb3 Bb7 18.e3 Rdc8 19.Nd2 Bxg2 20.Kxg2 b5 21.Ne4 Be7 22.Ra5 Bxb4
23.Rxb5 a5 24.Ra1 h6 25.Nc5 Rab8 26.Rxb8 Rxb8 27.Na6 Bc3 28.Rxa5 Rxb3 29.Ra2 Rb2
30.Rxb2 Bxb2 31.Nc5 Kf8 32.Kf3 Ke7 33.g4 Bc3 34.Ke4 Bd2 35.h4 Ba5 36.h5 Be1
37.Nd3 Bd2 38.Ne5 Be1 39.f4 Bd2 40.g5 f6 41.gxh6 gxh6 42.Nc4 f5+ 43.Kd3 Bb4
44.Ne5 Ke8 45.Nf3 Bd6 46.Kc4 Ke7 47.Kb5 Ba3 48.Ne5 Kf6 49.Kc6 Bb4 50.Kd7 Bd2
51.Nc4 Bb4 52.Ke8 Kg7 53.Kd8 Kf6 54.Kd7 Bc3 55.Nd6 Bd2 56.Ne8+ Kf7 57.Nc7 Bxe3
58.Nxe6 Bd2 59.d5 Bc1 60.Kc6 Bd2 61.Kd6 Kf6 62.Kd7 Kf7 63.d6 Bc3 64.Nc5 Bd2
65.Nd3 Ba5 66.Kc8 Ke6 67.d7 Kd5 68.Nb4+ Ke4 69.Nc6 Bb6 70.Kb7  1-0

[Event "Titograd"]
[Site "Titograd"]
[Date "1984.??.??"]
[Round "?"]
[White "Csom, Istvan"]
[Black "Marjanovic, Slavoljub"]
[Result "0-1"]
[WhiteElo "2505"]
[BlackElo "2525"]

1.Nf3 d5 2.g3 Nf6 3.Bg2 Bf5 4.c4 e6 5.Qb3 Nc6 6.d3 Rb8 7.O-O h6 8.Nbd2 Be7
9.a3 O-O 10.Qc2 a5 11.cxd5 exd5 12.b3 Re8 13.Bb2 Bf8 14.Rfe1 d4 15.Rac1 Nd5
16.Nb1 Nde7 17.Nbd2 Nd5 18.Nb1 Nde7 19.Nbd2 g5 20.Qb1 Be6 21.Qa1 Bg7 22.e3 Nf5
23.e4 Nfe7 24.Qb1 Ng6 25.Kh1 g4 26.Ng1 h5 27.Ne2 Bh6 28.Qc2 h4 29.Ng1 Kg7
30.Qd1 Rh8 31.Ne2 Nge5 32.Nc4 Bxc4 33.bxc4 hxg3 34.Nxg3 Kf8 35.Kg1 Bf4 36.Rc2 Qh4
37.Nf1 Bxh2+ 38.Nxh2 Qxh2+ 39.Kf1 Rh3 40.Rd2 Nf3 41.Bxh3 Nxd2+ 42.Qxd2 Qh1+
43.Ke2 Qf3+ 44.Kf1 Qxh3+ 45.Ke2 b5 46.Rg1 bxc4 47.Rg3 Qh1 48.dxc4 Qxe4+ 49.Kd1 Ne5
50.Qh6+ Ke7 51.Qh4+ f6 52.Bc1 Nf3  0-1

[Event "Tirnavia-B"]
[Site "Trnava"]
[Date "1984.??.??"]
[Round "12"]
[White "Fries Nielsen, Jens Ove"]
[Black "Priehoda, Vitezslav"]
[Result "1-0"]
[WhiteElo "2420"]
[BlackElo "2275"]

1.Nf3 d5 2.g3 Nf6 3.Bg2 Bf5 4.O-O e6 5.d3 Be7 6.Nbd2 h6 7.c4 c6 8.b3 O-O
9.Bb2 a5 10.a3 Nbd7 11.Bc3 Bh7 12.Qc2 b5 13.Rfc1 Qb6 14.Bd4 Qa6 15.c5 Ne8
16.b4 Nc7 17.Qb2 f6 18.Bh3 Rad8 19.Bc3 a4 20.e4 e5 21.Nh4 d4 22.Qa2+ Kh8
23.Bb2 g6 24.Rf1 Bg8 25.Qb1 Kh7 26.Qd1 Ne6 27.f4 g5 28.Bf5+ Kg7 29.Qg4 Rfe8
30.fxg5 hxg5 31.Ndf3 Ndf8 32.Bc1 Bf7 33.Ng2 Kh8 34.h4 Ng7 35.hxg5 Nxf5 36.exf5 Qc8
37.Qh4+ Kg8 38.gxf6  1-0

[Event "Troon"]
[Site "Troon"]
[Date "1984.??.??"]
[Round "6"]
[White "McNab, Colin Anderson"]
[Black "Condie, Mark L"]
[Result "1/2-1/2"]
[WhiteElo "2370"]
[BlackElo "2360"]

1.g3 d5 2.Nf3 Nf6 3.Bg2 e6 4.b3 c5 5.c4 Nc6 6.e3 Be7 7.O-O O-O 8.Bb2 b6 9.Qe2 Bb7
10.Rd1 Qc7 11.Nc3 Rfd8 12.cxd5 Nxd5 13.Nxd5 Rxd5 14.d4 cxd4 15.Nxd4 Nxd4
16.Bxd4 Rd7 17.Rac1 Qb8 18.Qb5 Qe8 19.a4 Bxg2 20.Kxg2 Rad8 21.Be5 a6 22.Qc6 Rxd1
23.Qxe8+ Rxe8 24.Rxd1 Rd8 25.Rc1 f6 26.Bd4 b5 27.Rc7 Kf8 28.axb5 axb5 29.Bc5 Bxc5
30.Rxc5 Rd5 31.Rxd5 exd5 32.Kf3 Ke7 33.Ke2 Kd6 34.Kd3 Kc5 35.Kc3 h5 36.b4+ Kc6
37.Kd3 g5 38.f4 g4 39.e4 Kd6 40.Kd4 dxe4 41.Kxe4 Ke6 42.Kd4  1/2-1/2

[Event "Valjevo"]
[Site "Valjevo"]
[Date "1984.??.??"]
[Round "2"]
[White "Vujic, Branimir"]
[Black "Zivkovic, Vladislav"]
[Result "0-1"]
[WhiteElo "2200"]
[BlackElo "2200"]

1.Nf3 d5 2.g3 Bf5 3.c4 dxc4 4.Na3 e6 5.Nxc4 Nd7 6.Bg2 Ngf6 7.O-O Be7 8.d3 c6
9.b3 h6 10.Nd4 Nb6 11.Nxf5 exf5 12.Bd2 O-O 13.Ne3 g6 14.Nc4 Kh7 15.Nxb6 axb6
16.a4 Nd5 17.Rc1 Bf6 18.Rc4 Re8 19.Re1 Nc7 20.Be3 b5 21.axb5 Nxb5 22.Ra4 Qd7
23.Qc2 Nc3 24.Rxa8 Rxa8 25.d4 Nd5 26.Bxd5 Qxd5 27.Qc4 Rd8 28.Rd1 c5 29.Qxd5 Rxd5
30.Rd3 cxd4 31.Bc1 Rd8 32.Kf1 Kg8 33.Bxh6 Ra8 34.Bd2 Ra1+ 35.Kg2 Rd1 36.h3 Bg7
37.Bb4 Rb1 38.Bc5 Kh7 39.Kf3 g5 40.e3 dxe3 41.Bxe3 Bh6 42.g4 f4 43.Bd2 Bf8
44.Kg2 b6 45.h4 Rd1 46.Rd5 Bb4 47.Rxg5 Rxd2 48.Rf5 Kg7 49.Rxf4 Bc5 50.g5 Rd3
51.b4 Rd4 52.Rxd4 Bxd4 53.f4 b5 54.Kf3 Bc3  0-1

[Event "Valjevo"]
[Site "Valjevo"]
[Date "1984.??.??"]
[Round "13"]
[White "Vujic, Branimir"]
[Black "Raicevic, Vladimir"]
[Result "0-1"]
[WhiteElo "2200"]
[BlackElo "2395"]

1.Nf3 d5 2.g3 c5 3.Bg2 Nc6 4.d4 e6 5.dxc5 Bxc5 6.e3 Nf6 7.O-O O-O 8.b3 b5
9.Bb2 Bb7 10.Nd4 Nxd4 11.Bxd4 Qe7 12.a4 b4 13.Bb2 e5 14.Re1 e4 15.c3 Rac8
16.cxb4 Bxb4 17.Ba3 a5 18.Qd4 Rc2 19.Bxb4 axb4 20.a5 Ng4 21.a6 Ba8 22.Nd2 Rfc8
23.Ra4 Ne5 24.Bh3 Rf8 25.Kg2 Nc6 26.Qa1 Rxd2 27.Rd1 Rxd1 28.Qxd1 Rd8 29.a7 d4  0-1

[Event "Vrnjacka Banja"]
[Site "Vrnjacka Banja"]
[Date "1984.??.??"]
[Round "?"]
[White "Donchev, Dimitar I"]
[Black "Mirkovic, Slobodan"]
[Result "1/2-1/2"]
[WhiteElo "2490"]
[BlackElo "2295"]

1.Nf3 d5 2.g3 Nf6 3.Bg2 g6 4.O-O Bg7 5.c4 c6 6.d4 O-O 7.Qa4 Nbd7 8.cxd5 Nb6
9.Qb3 Qxd5 10.Qb4 Qd6 11.Qa5 Nbd5 12.Nbd2 Qb4 13.Qxb4 Nxb4 14.a3 Nbd5 15.e4 Nb6
16.a4 a5 17.b3 Re8 18.Ba3 h6 19.Rad1 Be6 20.Rfe1 g5 21.Ne5 Ng4 22.Nef3 Nf6
23.Bf1 Nfd7 24.h3 Rad8  1/2-1/2

[Event "Vrnjacka Banja"]
[Site "Vrnjacka Banja"]
[Date "1984.??.??"]
[Round "?"]
[White "Donchev, Dimitar I"]
[Black "Simic, Radoslav"]
[Result "1/2-1/2"]
[WhiteElo "2490"]
[BlackElo "2485"]

1.Nf3 d5 2.g3 g6 3.Bg2 Bg7 4.d4 Nf6 5.c4 c6 6.cxd5 cxd5 7.Ne5 Nfd7 8.Nxd7 Nxd7
9.Nc3 Nf6 10.O-O O-O 11.Bg5 Ne4 12.Nxe4 dxe4 13.Bxe4 Bh3 14.Re1 Qxd4 15.Qxd4 Bxd4
16.Rab1 f6 17.Bf4 Bf5 18.Bd5+ e6 19.e4 exd5 20.exf5 Bb6 21.Rbd1 Rfe8 22.Rxe8+ Rxe8
23.fxg6 hxg6 24.Rxd5 Re2 25.Rd2 Bxf2+ 26.Kg2 Rxd2 27.Bxd2 Bb6 28.Kf3 a6 29.g4 g5
30.Ke4 Kf7 31.Kd5 Ke7 32.Be1 Bg1 33.Bg3 Kd7 34.a4 Bb6 35.Bd6 Bd8 36.Bc5 Bc7
37.h3 Bd8 38.Bf2 Bc7 39.Bd4 Bd8 40.Bc3 Ke7 41.Bb4+ Kd7 42.Bc5  1/2-1/2

[Event "Aarhus-D"]
[Site "Aarhus"]
[Date "1985.??.??"]
[Round "5"]
[White "Rosenlund, Thorbjorn"]
[Black "Schandorff, Lars"]
[Result "1/2-1/2"]
[WhiteElo "2270"]
[BlackElo "2275"]

1.Nf3 d5 2.g3 Nf6 3.Bg2 Bg4 4.O-O c6 5.d3 e6 6.c4 Nbd7 7.cxd5 exd5 8.Nc3 Be7
9.h3 Bxf3 10.Bxf3 O-O 11.d4 Re8 12.Rb1 a5 13.Qd3 Nf8 14.Rd1 Ne6 15.b3 Qb6
16.a3 Red8 17.Rd2 g6 18.b4 axb4 19.axb4 Ne4 20.Nxe4 dxe4 21.Qxe4 Rxd4 22.Rxd4 Qxd4
23.Be3 Qxe4 24.Bxe4 Ra4 25.Bd2 Ra2 26.Be3 Bg5 27.Bxg5 Nxg5 28.Bg2 Rxe2 29.b5 f5
30.bxc6 bxc6 31.Rc1 Re6 32.Bxc6 Kg7 33.h4 Nf7 34.Bd5 Re7 35.Bxf7  1/2-1/2

[Event "URS-ch sf"]
[Site "Aktjubinsk"]
[Date "1985.??.??"]
[Round "?"]
[White "Yermolinsky, Alex"]
[Black "Giorgadze, Tamaz"]
[Result "1-0"]
[WhiteElo "2465"]
[BlackElo "2500"]

1.Nf3 d5 2.g3 Nf6 3.Bg2 e6 4.O-O Be7 5.d3 b6 6.Nbd2 Bb7 7.e4 dxe4 8.dxe4 Qc8
9.Qe2 a5 10.e5 Nfd7 11.Ne4 Nc5 12.Nxc5 Bxc5 13.Qc4 Nd7 14.Qg4 Bf8 15.Re1 Bc6
16.Ng5 Qb7 17.Bxc6 Qxc6 18.Qf4 O-O-O 19.Nxf7 Qxc2 20.Nxd8 Bb4 21.Qe4 Qxe4
22.Rxe4 Rxd8 23.Be3 Nc5 24.Rd4  1-0

[Event "Albena"]
[Site "Albena"]
[Date "1985.??.??"]
[Round "?"]
[White "Kurtenkov, Atanas"]
[Black "Lukacs, Peter"]
[Result "1/2-1/2"]
[WhiteElo "2405"]
[BlackElo "2465"]

1.Nf3 d5 2.g3 Nf6 3.Bg2 c6 4.O-O Bg4 5.b3 e6 6.Bb2 Nbd7 7.d4 Bd6 8.Nbd2 O-O
9.c4 Qe7 10.Re1 Ba3 11.Qc1 Bxb2  1/2-1/2

[Event "Bayern-ch"]
[Site "Ansbach"]
[Date "1985.??.??"]
[Round "6"]
[White "Podzielny, Karl Heinz"]
[Black "Roeder, Frank"]
[Result "1/2-1/2"]
[WhiteElo "2415"]
[BlackElo "2250"]

1.Nf3 d5 2.g3 c6 3.Bg2 Bg4 4.O-O Nd7 5.c4 e6 6.b3 Ngf6 7.Bb2 Bd6 8.d3 O-O
9.Nbd2 Qe7 10.a3 h6 11.Ra2 e5 12.h3 Be6 13.e3 Bf5 14.e4 dxe4 15.Nh4 Bh7 16.Nxe4 Nc5
17.Qe2 a5 18.Re1 Rfe8 19.Raa1 Rad8 20.b4 Na4 21.Bc1 Nc3 22.Qf3 axb4 23.axb4 Bxb4
24.Re3 b5  1/2-1/2

[Event "AUT-ch"]
[Site "?"]
[Date "1985.??.??"]
[Round "1"]
[White "Baumgartner, Heinz"]
[Black "Kargl, Kurt"]
[Result "0-1"]
[WhiteElo "2345"]
[BlackElo "2305"]

1.Nf3 d5 2.g3 c5 3.Bg2 Nc6 4.d4 Nf6 5.O-O e6 6.c4 dxc4 7.Ne5 Nxe5 8.dxe5 Nd7
9.f4 Be7 10.Qc2 O-O 11.Rd1 Rb8 12.a4 Qc7 13.Na3 a6 14.Nxc4 b5 15.axb5 axb5
16.Nd6 Rb6 17.Nxc8 Rxc8 18.Be3 Nb8 19.Ra8 Ra6 20.Ra1 Rxa1+ 21.Rxa1 Nc6 22.Qe4 Qd7
23.g4 Nd4 24.Bf2 Nb3 25.Re1 c4 26.Qc2 Rd8 27.Be4 g6 28.f5 Bb4 29.Rf1 exf5
30.gxf5 Qd2 31.fxg6 hxg6 32.e6 fxe6 33.Qb1 Qh6 34.Rd1 Nd2 35.Qc2 Qg5+ 36.Bg2 Qf5
37.Qxf5 gxf5 38.Kh1 Rd6 39.Bg3 Ra6 40.Bb7 Rb6 41.Bg2 c3 42.Be5 c2 43.Rc1 Nc4
44.Bf4 Bd6 45.Bg5 Ra6 46.Rxc2 Nxb2 47.Rxb2 Ra1+ 48.Bf1 Rxf1+ 49.Kg2 Re1 50.Bh4 Be5
51.Rxb5 Rxe2+ 52.Kf3 Re4 53.Bg3 Bf6 54.Rb7 Rg4 55.Ra7 Rg7 56.Ra8+ Kf7 57.Bd6 Rg8
58.Ra7+ Kg6 59.Ra5 Rd8 60.Ra6 Rd7 61.Kf4 Rb7 62.Kf3 Rb3+ 63.Kg2 Bd4 64.Bg3 Rb6
65.Ra5 Rb2+ 66.Kf3 Rb3+ 67.Kg2 Re3 68.Ra6 Kh5 69.Bf4 Re4 70.Kf3 Bg7 71.Rb6 e5
72.Bg3 Ra4 73.Rb7 Ra3+ 74.Ke2 Bf6 75.Rb5 Ra4 76.Kf3 f4 77.Bf2 Kg5 78.Bg1 Kf5
79.Bf2 Ra3+ 80.Kg2 Rd3 81.h3 Bg5 82.Be1 Be7 83.Ra5 Ba3 84.Bf2 Bb2 85.Rb5 Bd4
86.Bxd4 Rxd4 87.h4 Rd2+ 88.Kh3 Rd3+ 89.Kh2 Re3 90.Rb8 Kg4 91.Rh8 Rh3+  0-1

[Event "AUT-ch"]
[Site "?"]
[Date "1985.??.??"]
[Round "15"]
[White "Herndl, Harald"]
[Black "Baumgartner, Heinz"]
[Result "1-0"]
[WhiteElo "2325"]
[BlackElo "2345"]

1.Nf3 d5 2.g3 Nf6 3.Bg2 e6 4.O-O c5 5.d3 Nc6 6.Nbd2 Be7 7.e4 O-O 8.Re1 Qc7
9.e5 Nd7 10.Qe2 b5 11.Nf1 a5 12.h4 b4 13.Bf4 Ba6 14.h5 Qb6 15.Ne3 Rfc8 16.h6 Bf8
17.hxg7 Bxg7 18.Ng4 Ne7 19.Bh6 Nf5 20.Qd2 Qd8 21.Bxg7 Kxg7 22.Bh3 h5 23.Nf6 Ne7
24.Nxh5+ Kg8 25.Qh6 Qf8 26.Qg5+ Kh7 27.Kg2 Ng6 28.Rh1  1-0

[Event "Baden-Baden"]
[Site "Baden-Baden"]
[Date "1985.??.??"]
[Round "3"]
[White "Quinteros, Miguel A"]
[Black "Farago, Ivan"]
[Result "0-1"]
[WhiteElo "2525"]
[BlackElo "2510"]

1.g3 d5 2.Nf3 Nf6 3.Bg2 c6 4.d3 Nbd7 5.O-O e5 6.b3 Bd6 7.Bb2 O-O 8.c4 d4
9.Na3 c5 10.Nc2 Rb8 11.e4 a6 12.Nfe1 b5 13.Bc1 bxc4 14.bxc4 Nb6 15.f4 Na4
16.f5 Nc3 17.Qf3 Be7 18.h4 Ne8 19.Qf2 Bd7 20.Nf3 Ba4 21.Kh2 Rb6 22.Na3 Nf6
23.Bh3 Qb8 24.Re1 h5 25.Kg1 Qc7 26.Ng5 Rfb8 27.Qf3 Qb7 28.g4 Rb2 29.Bxb2 Qxb2
30.gxh5 Qxa3 31.Qg3 Nxh5 32.Qxe5 Re8 33.Qh2 Qb4 34.e5 Qb6 35.Bg4 Qh6 36.e6 fxe6
37.fxe6 Nf6 38.Bf3 Nh7 39.Nxh7 Qxh7 40.Be4 Nxe4 41.Rxe4 Bc6 42.Rg4 Qxd3 43.Re1 Qf3
44.Rg6 Be4  0-1

[Event "Baden-Baden"]
[Site "Baden-Baden"]
[Date "1985.??.??"]
[Round "6"]
[White "Smejkal, Jan"]
[Black "Witt, Rob"]
[Result "1/2-1/2"]
[WhiteElo "2565"]
[BlackElo "2295"]

1.Nf3 d5 2.g3 Nf6 3.Bg2 c6 4.O-O Bg4 5.d3 Nbd7 6.Nbd2 e6 7.h3 Bxf3 8.Nxf3 Bd6
9.e4 O-O 10.Qe2 Qc7 11.Bg5 e5 12.Rad1 Rfe8 13.Rfe1 Bf8 14.c3 h6 15.Bc1 a5
16.Nh2 Qb6 17.Nf1 Rad8 18.exd5 cxd5 19.Ne3 Nb8 20.c4 d4 21.Nd5 Nxd5 22.Bxd5 Qc7
23.Qg4 Nd7 24.Qf3 Nc5 25.b3 b6 26.Re2 Re7 27.h4 Rd6 28.Ba3 Rf6 29.Qg4 Rd7
30.h5 b5 31.Bxc5 Bxc5 32.f4 exf4 33.Re8+ Bf8 34.Rf1 bxc4 35.bxc4 Re7 36.Rc8 Qe5
37.Be4 fxg3 38.Rb1 Rf4 39.Qe2 Rf2 40.Qe1 g6 41.Rbb8 Qxh5 42.Rxf8+ Kg7 43.Rg8+ Kf6
44.Rb6+ Kg5 45.Rb5+ f5 46.Rxf5+ Rxf5 47.Qxg3+ Kf6 48.Qd6+ Re6 49.Qd8+ Ke5  1/2-1/2

[Event "Balatonbereny op"]
[Site "Balatonbereny"]
[Date "1985.??.??"]
[Round "2"]
[White "Yap, Andronico"]
[Black "Bany, Jerzy"]
[Result "1-0"]
[WhiteElo "2425"]
[BlackElo "2420"]

1.Nf3 d5 2.g3 Nf6 3.Bg2 g6 4.O-O Bg7 5.d3 O-O 6.Nbd2 c5 7.e4 Nc6 8.c3 e5
9.Re1 d4 10.cxd4 cxd4 11.Nc4 Ne8 12.Qb3 Nd6 13.Bg5 Bf6 14.Bxf6 Qxf6 15.Nxd6 Qxd6
16.Rec1 Rb8 17.Qd5 Qf6 18.b4 Nxb4 19.Qxe5 Qxe5 20.Nxe5 Be6 21.a3 Na6 22.f4 Rfc8
23.Nf3 Rxc1+ 24.Rxc1 Rd8 25.Ng5 b6 26.Nxe6 fxe6 27.Kf2 Kf7 28.Ke2 Nc5 29.e5 Ke7
30.h4 Na4 31.Rc7+ Rd7 32.Rc8 Rd8 33.Rc7+ Rd7 34.Rc4 Nc3+ 35.Ke1 Nb5 36.a4 Nc3
37.Bh3 Kf7 38.Kf2 Nd1+ 39.Ke2 Ne3 40.Rc6 Nf5 41.Kf3 h5 42.Kf2 Ke7 43.g4 hxg4
44.Bxg4 Rb7 45.Bxf5 gxf5 46.h5 a6 47.Kg3 b5 48.a5 b4 49.Rb6 Rc7 50.Rxb4 Rc5
51.Kh4  1-0

[Event "Balatonbereny op"]
[Site "Balatonbereny"]
[Date "1985.??.??"]
[Round "9"]
[White "Plachetka, Jan"]
[Black "Farago, Ivan"]
[Result "1/2-1/2"]
[WhiteElo "2450"]
[BlackElo "2510"]

1.g3 d5 2.Nf3 c6 3.Bg2 Bg4 4.b3 Nd7 5.Bb2 Ngf6 6.O-O e6 7.c4 Bd6 8.d4 O-O
9.Nbd2 Qe7 10.a3 e5 11.cxd5 cxd5 12.dxe5 Nxe5 13.Nxe5 Bxe5 14.Bxe5 Qxe5 15.Nf3 Bxf3
16.Bxf3 Rac8 17.Rc1 h6 18.Qd3 Ne4 19.Qe3 Qb2 20.Bxe4 dxe4 21.b4 b6 22.Rfd1 Rxc1
23.Rxc1 Qe5 24.Qc3 Qb5 25.Qc4 Qa4 26.Rc3 Re8 27.Qd5 a6 28.Kg2 Qb5 29.Qxb5 axb5
30.Rc6 Re6 31.Rc8+ Kh7 32.Rd8 Re7 33.Rd5 Ra7 34.Rxb5 Rxa3 35.Rxb6 Ra2 36.e3 Rb2
37.g4 g5 38.h3 Rb1 39.Rb8 Kg7 40.b5 Kh7 41.b6 Kg7 42.f3 Rb2+ 43.Kg3 Rb3 44.b7 exf3
45.Kxf3 Rb4 46.Ke2 Rb2+ 47.Kd3 Rb1 48.Kc2 Rb4 49.Kc3 Rb1  1/2-1/2

[Event "Boeblingen op"]
[Site "Boeblingen"]
[Date "1985.??.??"]
[Round "?"]
[White "Vadasz, Laszlo"]
[Black "Kunz, Walter"]
[Result "1-0"]
[WhiteElo "2420"]
[BlackElo "2200"]

1.Nf3 d5 2.g3 Nf6 3.Bg2 c6 4.c4 e6 5.Qc2 Nbd7 6.d4 Be7 7.O-O O-O 8.Rd1 a5
9.Nbd2 b6 10.e4 Bb7 11.b3 Ra7 12.Bb2 Qa8 13.e5 Ne8 14.cxd5 cxd5 15.Bf1 Nc7
16.h4 Rc8 17.Ng5 Nf8 18.Qd3 h6 19.Nh3 Ba6 20.Qf3 Bxf1 21.Nxf1 Ne8 22.Ne3 Bb4
23.Nf4 Bc3 24.Bxc3 Rxc3 25.g4 Qd8 26.Qg3 Nh7 27.Ne2 Rc8 28.f4 a4 29.b4 Rac7
30.g5 hxg5 31.hxg5 g6 32.Kf2 Ng7 33.Rh1 Nh5 34.Qf3 Qf8 35.a3 Qg7 36.Rh4 Nf8
37.Rah1 Nd7 38.f5 Rc2 39.f6 Qh7 40.Nxc2 Rxc2 41.Qd3  1-0

[Event "Bor"]
[Site "Bor"]
[Date "1985.??.??"]
[Round "?"]
[White "Vukic, Milan"]
[Black "Campora, Daniel H"]
[Result "1-0"]
[WhiteElo "2490"]
[BlackElo "2485"]

1.Nf3 d5 2.g3 Bg4 3.Bg2 Nd7 4.c4 e6 5.b3 c6 6.Bb2 Qb6 7.Qc2 Ngf6 8.O-O Be7
9.d3 O-O 10.Nbd2 Rfe8 11.h3 Bh5 12.g4 Bg6 13.Nh4 Nf8 14.Kh1 N6d7 15.Nhf3 Qd8
16.Nh2 h5 17.f4 hxg4 18.hxg4 Bd6 19.e4 dxe4 20.dxe4 Qc7 21.Qc3 f6 22.Qg3 Bf7
23.g5 Ng6 24.gxf6 Bxf4 25.Qh3 gxf6 26.e5 f5 27.Rxf4 Nxf4 28.Qh6 Ng6 29.Rg1 Ndf8
30.Ne4 fxe4 31.Ng4  1-0

[Event "Borgarnes"]
[Site "Borgarnes"]
[Date "1985.??.??"]
[Round "3"]
[White "Angantysson, Haukur"]
[Black "Bjarnason, Saevar"]
[Result "1/2-1/2"]
[WhiteElo "2340"]
[BlackElo "2355"]

1.g3 d5 2.Nf3 Nf6 3.Bg2 c6 4.O-O Bg4 5.h3 Bh5 6.d3 Nbd7 7.Nbd2 e6 8.b3 Bc5
9.Bb2 O-O 10.c4 a5 11.a3 Qe7 12.d4 Bb6 13.cxd5 exd5 14.e3 Bc7 15.Qc1 Rfe8
16.Re1 Bg6 17.Bc3 h6 18.Qb2 Ne4 19.Nxe4 Bxe4 20.Nd2 Bxg2 21.Kxg2 Nf6 22.Qc2 Bd6
23.Bb2 Qd7 24.Qd3 Qe6 25.Rec1 Ne4 26.Nxe4 dxe4 27.Qc4 Qf5 28.Qe2 a4 29.b4 h5
30.h4 Red8 31.Rf1 Re8 32.Rac1 Rad8 33.Qd1 Re6 34.Rh1 Rg6 35.Rc2 Rg4 36.Rd2 Bc7
37.Rh3 Qb5 38.Rc2 Bd6 39.Rd2 Be7 40.Qe2 Rd5 41.Qxb5 Rxb5 42.Rh1 Rd5 43.Kf1 Kf8
44.Ke2 Ke8 45.Rc2 Kd7 46.Ba1 g5 47.hxg5 Rdxg5 48.Rcc1 Rf5 49.Rh2 h4 50.gxh4 Rxh4
51.Rg2 Rh3 52.Bc3 Bh4 53.Rcg1 Ke6 54.Be1 Kd5 55.Rg4 Rh2 56.R1g2 Rxg2 57.Rxg2 Kc4  1/2-1/2

[Event "Budapest Elekes"]
[Site "Budapest"]
[Date "1985.??.??"]
[Round "?"]
[White "Marosi, Gyorgy"]
[Black "Kallai, Gabor"]
[Result "1-0"]
[WhiteElo "2340"]
[BlackElo "2445"]

1.Nf3 d5 2.g3 c6 3.Bg2 Nf6 4.O-O Bg4 5.b3 Nbd7 6.Bb2 e6 7.d3 Be7 8.Nbd2 h6
9.e4 O-O 10.e5 Ne8 11.Qe2 a5 12.a4 Bh5 13.Bh3 Qb6 14.Kh1 Nc7 15.g4 Bg6 16.Rg1 c5
17.Qe3 d4 18.Qf4 Nd5 19.Qg3 Qc6 20.Bg2 b5 21.axb5 Qxb5 22.Nc4 a4 23.Ra3 Qc6
24.h4 Bh7 25.h5 g5 26.hxg6 fxg6 27.Nfd2 Bg5 28.Ne4 Bf4 29.Qh3 Nxe5 30.Nxe5 Bxe5
31.Qxh6 Bf4 32.Qh4 Kg7 33.Bc1 Rf7 34.Ng5 Bxg5 35.Bxg5 axb3 36.Rxb3 Qd6 37.Be4 Re8
38.Rgb1 Nf6 39.Rb7 Nd7 40.Ra1 Rb8 41.Rxb8 Nxb8 42.Ra8 e5 43.Kg1 Rd7 44.Qh6+ Kg8
45.Bd5+  1-0

[Event "Budapest Elekes"]
[Site "Budapest"]
[Date "1985.??.??"]
[Round "?"]
[White "Bilek, Istvan"]
[Black "Lukacs, Peter"]
[Result "1/2-1/2"]
[WhiteElo "2400"]
[BlackElo "2470"]

1.Nf3 d5 2.g3 Nf6 3.Bg2 c6 4.b3 Bg4 5.Bb2 Nbd7 6.d3 e6 7.Nbd2 a5 8.a4 Bb4
9.O-O O-O 10.h3 Bh5 11.Qc1 b5 12.g4 Bg6 13.Nh4 e5 14.Nxg6 hxg6 15.e3 Rc8
16.Qd1 bxa4 17.Rxa4 Ne8 18.Nf3 Qe7 19.c3 Bd6 20.Rxa5 f5 21.Nd2 e4 22.dxe4 fxe4
23.c4 Bc7 24.Ra7 Qd6 25.Rxc7 Qxc7 26.Nb1 Ne5 27.cxd5 Nf3+ 28.Bxf3 Rxf3 29.Kg2 Rd8  1/2-1/2

[Event "Budapest Elekes"]
[Site "Budapest"]
[Date "1985.??.??"]
[Round "?"]
[White "Marosi, Gyorgy"]
[Black "Lengyel, Levente"]
[Result "1/2-1/2"]
[WhiteElo "2340"]
[BlackElo "2395"]

1.Nf3 d5 2.g3 c6 3.Bg2 Nf6 4.O-O Bg4 5.b3 e6 6.Bb2 Nbd7 7.d3 a5 8.a4 Be7
9.Nbd2 O-O 10.e4 b5 11.h3 Bh5 12.g4 Bg6 13.e5 Ne8 14.Qe2 Qb6 15.Kh1 Nc7 16.h4 h6
17.Bh3 bxa4 18.Rxa4 Nc5 19.Raa1 a4 20.h5 Bh7 21.Bd4 Nb5 22.c3 Qd8 23.Bxc5 Bxc5
24.bxa4 Nxc3 25.Qe1 Nxa4 26.Nb3 Be7 27.Rg1 c5 28.Qe3 d4 29.Qd2 Nc3 30.Rxa8 Qxa8
31.Bg2 Qd8 32.Ra1 Qc7 33.Re1 Qd8 34.Ra1 Nd5 35.Ra5 Qc7 36.Ra1 f6 37.exf6 Rxf6
38.g5 hxg5 39.Nxg5 Bf5 40.Ra8+ Rf8 41.Rxf8+ Bxf8 42.Bxd5 exd5 43.f4 Kh8 44.Kg2 Qe7
45.Kf2 Bg4 46.Qe1 Qxe1+ 47.Kxe1 Kg8 48.Kf2 Bd6 49.Kg3 Bf5 50.Nf3 Kf7 51.Nh4 Bc8
52.Kf3 Kg8 53.Ng6 Kh7 54.Ne5 Be6 55.Nc6 Kh6 56.Nd8 Bg8  1/2-1/2

[Event "Alfoldi mem (Women)"]
[Site "Budapest"]
[Date "1985.??.??"]
[Round "?"]
[White "Bilunova, Rimma I"]
[Black "Stadler, Tereza"]
[Result "1/2-1/2"]
[WhiteElo "2165"]
[BlackElo "2120"]

1.Nf3 d5 2.g3 Nf6 3.Bg2 e6 4.d4 c5 5.O-O Nc6 6.c4 cxd4 7.Nxd4 Qb6 8.Nb5 a6
9.cxd5 axb5 10.dxc6 bxc6 11.Be3 Qa6 12.Qc2 Bb7 13.Bc5 Bxc5 14.Qxc5 Nd5 15.e4 Qb6
16.Qc1 Nf6 17.Nc3 b4  1/2-1/2

[Event "ARG-ch"]
[Site "Buenos Aires"]
[Date "1985.??.??"]
[Round "5"]
[White "Panno, Oscar"]
[Black "Ricardi, Pablo"]
[Result "1-0"]
[WhiteElo "2505"]
[BlackElo "2335"]

1.Nf3 d5 2.g3 c6 3.Bg2 Bg4 4.d3 Nf6 5.Nbd2 Nbd7 6.h3 Bh5 7.g4 Bg6 8.Nh4 e6
9.e3 Bd6 10.Qe2 Qe7 11.Ndf3 O-O 12.Bd2 Rfe8 13.Nxg6 hxg6 14.Ng5 Nc5 15.h4 Nfd7
16.e4 Qf6 17.O-O-O Na4 18.c3 Bf4 19.Bxf4 Qxf4+ 20.Kb1 b5 21.Rh3 Nf6 22.Rg3 b4
23.Nh3 Qb8 24.c4 dxc4 25.dxc4 Rd8 26.Rxd8+ Qxd8 27.e5 Nd7 28.Bxc6 Nac5 29.Bxa8 Qxa8
30.f3 Qb8 31.f4 Qb7 32.Nf2 b3 33.axb3 Nxb3 34.Rd3 Ndc5 35.Rd8+ Kh7 36.h5 Qg2
37.hxg6+ fxg6 38.Rd1 Qg3  1-0

[Event "ARG-ch"]
[Site "Buenos Aires"]
[Date "1985.??.??"]
[Round "12"]
[White "Darcyl, Tomas"]
[Black "Miana, Elias"]
[Result "1-0"]
[WhiteElo "2285"]
[BlackElo "2220"]

1.Nf3 d5 2.g3 c6 3.Bg2 Nf6 4.O-O Bf5 5.d3 e6 6.b3 h6 7.Bb2 Be7 8.Nbd2 O-O
9.Re1 a5 10.e4 Bg4 11.a3 Qb6 12.h3 Bh5 13.g4 Bg6 14.Qe2 dxe4 15.dxe4 Nbd7
16.Nc4 Qa7 17.Nfe5 Bc5 18.Nxd7 Nxd7 19.b4 Bb6 20.Bc3 a4 21.Nxb6 Qxb6 22.Qc4 Qc7
23.Rad1 Rfd8 24.Bd4 Rac8 25.b5 Qa5 26.Bf1 cxb5 27.Qxb5 Qxb5 28.Bxb5 Nc5 29.f3 f6
30.Bxc5 Rxd1 31.Rxd1 Rxc5 32.Rd8+ Kh7 33.Bxa4 Ra5 34.Bb3 Rxa3 35.Rb8 f5 36.exf5 exf5
37.Bg8+ Kh8 38.gxf5  1-0

[Event "BUL-FRA"]
[Site "?"]
[Date "1985.??.??"]
[Round "11"]
[White "Roos, Daniel"]
[Black "Semkov, Semko"]
[Result "1/2-1/2"]
[WhiteElo "2325"]
[BlackElo "2410"]

1.Nf3 d5 2.g3 Nf6 3.Bg2 e6 4.b3 Be7 5.Bb2 c5 6.O-O O-O 7.c4 Nc6 8.d3 d4 9.e4 e5
10.Nbd2 Bd7 11.Ne1 a6 12.Nc2 Ne8 13.f4 f6 14.Qh5 Nd6 15.a4 Qc7 16.Ba3 Nf7
17.Qe2 Rfb8 18.fxe5 Nfxe5 19.Nf3 b5 20.Nxe5 Nxe5 21.axb5 axb5 22.Rfb1 Ra7
23.Qd2 Rab7 24.Nxd4 b4 25.Bb2 cxd4 26.Bxd4 Qd6 27.Qe3 Ng4 28.c5 Nxe3 29.cxd6 Nc2
30.e5 Nxd4 31.Bxb7 Rxb7 32.dxe7 f5 33.Kf2 Kf7 34.Ra6 Kxe7 35.Ke3 Nb5 36.d4 Be6
37.Ra5 Nc3 38.Rba1 Bxb3 39.Ra7 Rd7 40.Kd3 Be6 41.Rxd7+ Kxd7 42.Ra7+ Kc6 43.Ra6+ Kd7
44.Ra7+ Kc8 45.Rxg7 Nb5 46.Rxh7 b3 47.Kd2 Nxd4 48.Kc3 Ne2+ 49.Kb2 f4 50.gxf4 Nxf4
51.Kc3 Ne2+  1/2-1/2

[Event "Capablanca mem-A"]
[Site "Cienfuegos"]
[Date "1985.??.??"]
[Round "1"]
[White "Velez, Nestor"]
[Black "Vera, Reynaldo"]
[Result "0-1"]
[WhiteElo "2385"]
[BlackElo "2480"]

1.Nf3 d5 2.g3 Nf6 3.Bg2 e6 4.O-O Be7 5.d3 c5 6.Nbd2 Nc6 7.e4 a5 8.Qe2 a4
9.e5 Nd7 10.a3 b5 11.Re1 b4 12.axb4 cxb4 13.Nb3 Bb7 14.Nbd2 O-O 15.h4 Qc7
16.Nf1 a3 17.b3 Bc5 18.Qd1 Bd4 19.Nxd4 Nxd4 20.Qg4 Nxc2 21.Bh6 g6 22.Bxf8 Nxe1  0-1

[Event "Copenhagen"]
[Site "Copenhagen"]
[Date "1985.??.??"]
[Round "1"]
[White "Karlsson, Lars"]
[Black "Hjartarson, Johann"]
[Result "0-1"]
[WhiteElo "2550"]
[BlackElo "2530"]

1.Nf3 d5 2.g3 Nf6 3.Bg2 g6 4.c4 Bg7 5.cxd5 Nxd5 6.Nc3 Nb6 7.O-O O-O 8.d3 Nc6
9.Be3 h6 10.a4 a5 11.Bxb6 cxb6 12.Nd2 Be6 13.Qb1 Qd7 14.e3 Nb4 15.d4 Rac8
16.Rc1 Rc7 17.Nb5 Rxc1+ 18.Qxc1 Rc8 19.Qd1 Rc2 20.Na3 Rxb2 21.Ndc4 Ra2 22.Rxa2 Nxa2
23.Nxb6 Qd6 24.d5 Nc3 25.Nac4 Qb4 26.Qd3 Bf5 27.e4 Nxe4 28.Bxe4 Qe1+ 29.Qf1 Qxe4
30.d6 exd6 31.Nxd6 Qc6 32.Nxf5 gxf5 33.Nc4 Qxa4 34.Qd3 Qe8 35.Qxf5 a4 36.Nd6 Qe6
37.Qxe6 fxe6 38.Nxb7 a3 39.Nc5 a2 40.Nb3 Kf7 41.f4 Ke7  0-1

[Event "Copenhagen op"]
[Site "Copenhagen"]
[Date "1985.??.??"]
[Round "1"]
[White "Gibbons, Bart F"]
[Black "Pliester, Leon"]
[Result "0-1"]
[WhiteElo "2260"]
[BlackElo "2370"]

1.Nf3 d5 2.g3 c6 3.Bg2 Bf5 4.O-O e6 5.d3 h6 6.c4 dxc4 7.dxc4 Qxd1 8.Rxd1 Nd7
9.Nc3 Ngf6 10.b3 Bc5 11.Bb2 Nb6 12.Nd2 a5 13.Nde4 Nxe4 14.Nxe4 Bxe4 15.Bxe4 f6
16.Bc3 Ke7 17.a3 Bd6 18.Bd3 Nd7 19.b4 axb4 20.axb4 Be5 21.Bxe5 Nxe5 22.Rab1 Ra2
23.c5 f5 24.f4 Nxd3 25.Rxd3 Rxe2 26.Rbd1 Ra8 27.Rd7+ Kf6 28.Rxb7 Raa2 29.h4 Re3
30.b5 cxb5 31.c6 Rxg3+ 32.Kf1 Rc3 33.c7 b4 34.Re1 b3 35.Rxb3 Rxc7 36.Rbe3 Rc6
37.R1e2 Rc1+ 38.Kg2 Rxe2+ 39.Rxe2 g6 40.Kh2 Rf1 41.Kg3  0-1